000 00800nam a2200253Ia 4500
003 OSt
005 20220923221338.0
006 a|||||r|||| 00| 0
007 ta
008 220922b |||||||| |||| 00| 0 hin d
024 _a197,318
037 _cTextual
040 _aARTS
_cARTS
_bhin
041 _2hin
_ahin
082 _aO152,6M98x, M2
100 _aचतुर्वेदी, श्रीनारायण
245 0 _aकसौटी
246 _aKasauṭī
260 _aदिल्ली
_b प्रभात प्रका0
_c1982
300 _a198पृ.
_ccm.
650 _aहिन्दी साहित्य
_9156264
942 _hO152,6M98x, M2
_cTEXL
_2CC
999 _c349189
_d349189